Návrh projektu zlepšenia výrobného procesu výrobných jednotiek prevádzky P1 spoločnosti SLOVNAFT, a.s., Bratislava

Saved in:
Bibliographic Details
Main Author: Kachnič, Ivan, 1972- (Author)
Other Authors: Jakábová, Martina, 1980- (Thesis advisor)
Format: Manuscript Book
Language:Slovak
Published: 2015
Subjects:
Online Access:http://is.stuba.sk/zp/portal_zp.pl?podrobnosti=110676
Tags: Add Tag
No Tags, Be the first to tag this record!

MARC

LEADER 00000ntm a22000003a 4500
001 stuzp50515
003 SK-STU
005 20160719153559.1
007 ta
008 150427s2015----xo-----f-mn---000-0-slo-d
040 |a STU  |b slo 
041 0 |a slo 
100 1 |a Kachnič, Ivan,  |d 1972-  |u 064000  |4 aut  |U MTF Materiálovotechnologická fakulta  |T MTF Ústav priemyselného inžinierstva a manažmentu  |X 6966  |U M4000  |Y 84  |7 A000006966 
242 0 1 |a A proposal of project which is supposed to improve production process in production units of P1 plant in the company Slovnaft a.s., Bratislava  |y eng 
245 1 0 |a Návrh projektu zlepšenia výrobného procesu výrobných jednotiek prevádzky P1 spoločnosti SLOVNAFT, a.s., Bratislava 
260 |c 2015 
650 4 |a projekt  |2 slo 
650 4 |a spoľahlivosť  |2 slo 
650 4 |a efektivita  |2 slo 
650 4 |a údržba  |2 slo 
650 4 |a reliability  |2 eng 
650 4 |a effectiveness  |2 eng 
650 4 |a maintenance  |2 eng 
650 4 |a project  |2 eng 
700 1 |a Jakábová, Martina,  |d 1980-  |4 ths  |X 3645  |7 A000003645 
856 4 |u http://is.stuba.sk/zp/portal_zp.pl?podrobnosti=110676 
996 |c M* DP-12172  |l MMSKP  |s P  |a 0  |w stuzp50515_0001 
SQL |a stuzp50515  |b DDP  |c SLO  |d Návrh projektu zlepšenia výrobného procesu výrobných jednotiek prevádzky P1 spoločnosti SLOVNAFT, a.s., Bratislava  |e 6966  |f Kachnič, Ivan  |g 064000  |h 3645  |i Jakábová, Martina  |j 20150603  |k 189  |l 06  |m http://is.stuba.sk/zp/portal_zp.pl?podrobnosti=110676  |n I-PMA  |o 5.2.52. priemyselné inžinierstvo